<?xml version="1.0" encoding="UTF-8"?>
<record
    xmlns:xsi="http://www.w3.org/2001/XMLSchema-instance"
    xsi:schemaLocation="http://www.loc.gov/MARC21/slim http://www.loc.gov/standards/marcxml/schema/MARC21slim.xsd"
    xmlns="http://www.loc.gov/MARC21/slim">

  <leader>01465nam a2200325 a 4500</leader>
  <controlfield tag="001"> </controlfield>
  <controlfield tag="003">DO-SdBNP</controlfield>
  <controlfield tag="005">20220202113231.0</controlfield>
  <controlfield tag="008">180322s2015    dr            000 p spa d</controlfield>
  <datafield tag="020" ind1=" " ind2=" ">
    <subfield code="a">9789945590340</subfield>
  </datafield>
  <datafield tag="040" ind1=" " ind2=" ">
    <subfield code="a">BPMSU</subfield>
    <subfield code="b">spa</subfield>
    <subfield code="c">BPMSU</subfield>
  </datafield>
  <datafield tag="082" ind1=" " ind2=" ">
    <subfield code="a">RD864.5</subfield>
    <subfield code="b">B533e 2015</subfield>
    <subfield code="2">22</subfield>
  </datafield>
  <datafield tag="100" ind1="1" ind2=" ">
    <subfield code="a">Berroa, Fern&#xE1;ndo</subfield>
  </datafield>
  <datafield tag="245" ind1="1" ind2="3">
    <subfield code="a">El poder de la t&#xE9;cnica y otros ensayos /</subfield>
    <subfield code="c">Fernando Berroa, &#xC1;ngel Palacio, Melania P&#xE9;rez.</subfield>
  </datafield>
  <datafield tag="260" ind1=" " ind2=" ">
    <subfield code="a">Santo Domingo :</subfield>
    <subfield code="b">FUNGLODE,</subfield>
    <subfield code="c">2015.</subfield>
  </datafield>
  <datafield tag="300" ind1=" " ind2=" ">
    <subfield code="a">186 p. ;</subfield>
    <subfield code="c">26 cm. </subfield>
  </datafield>
  <datafield tag="490" ind1="0" ind2=" ">
    <subfield code="a">Premios Funglode/GFDD;</subfield>
    <subfield code="a">Ensayo.</subfield>
  </datafield>
  <datafield tag="505" ind1="0" ind2=" ">
    <subfield code="g">Primer lugar :</subfield>
    <subfield code="t">El poder de la t&#xE9;cnica. La estructura narrativa de la novela S&#xF3;lo cenizas hallar&#xE1;s (bolero) /</subfield>
    <subfield code="r">Fernando Berroa --</subfield>
    <subfield code="g">Segundo lugar :</subfield>
    <subfield code="t">La filosof&#xED;a, &#xBF;qu&#xE9; es y para qu&#xE9; sirve? /</subfield>
    <subfield code="r">&#xC1;ngel P. Palacio T. --</subfield>
    <subfield code="g">Tercer lugar :</subfield>
    <subfield code="t">El discurso, una herramienta de poder /</subfield>
    <subfield code="r">Melania P&#xE9;rez.</subfield>
  </datafield>
  <datafield tag="586" ind1=" " ind2=" ">
    <subfield code="a">"Premio FUNGLODE de Ensayo Pedro Francisco Bon&#xF3; 2014."</subfield>
  </datafield>
  <datafield tag="590" ind1=" " ind2=" ">
    <subfield code="a">Inventariado, 2021/VM</subfield>
  </datafield>
  <datafield tag="650" ind1=" " ind2="4">
    <subfield code="a">Ensayos dominicanos </subfield>
  </datafield>
  <datafield tag="650" ind1=" " ind2="4">
    <subfield code="a">Literatura dominicana </subfield>
  </datafield>
  <datafield tag="650" ind1=" " ind2="4">
    <subfield code="a">Cert&#xE1;menes literarios </subfield>
  </datafield>
  <datafield tag="700" ind1="1" ind2=" ">
    <subfield code="a">Palacio T., &#xC1;ngel P.</subfield>
    <subfield code="t">La filosof&#xED;a, &#xBF;qu&#xE9; es y para qu&#xE9; sirve?</subfield>
  </datafield>
  <datafield tag="700" ind1="1" ind2=" ">
    <subfield code="a">P&#xE9;rez, Melania</subfield>
    <subfield code="t">El discurso, una herramienta de poder</subfield>
  </datafield>
  <datafield tag="710" ind1="2" ind2=" ">
    <subfield code="a">Fundaci&#xF3;n Global Democrac&#xED;a y Desarrollo (Rep&#xFA;blica Dominicana)</subfield>
  </datafield>
  <datafield tag="711" ind1="2" ind2=" ">
    <subfield code="a">Premio FUNGLODE de Ensayo Pedro Francisco Bon&#xF3;</subfield>
    <subfield code="d">(2014 :</subfield>
    <subfield code="c">Santo Domingo)</subfield>
  </datafield>
  <datafield tag="910" ind1=" " ind2=" ">
    <subfield code="a">VMateo V. </subfield>
  </datafield>
  <datafield tag="942" ind1=" " ind2=" ">
    <subfield code="2">ddc</subfield>
    <subfield code="c">BK</subfield>
  </datafield>
  <datafield tag="952" ind1=" " ind2=" ">
    <subfield code="0">0</subfield>
    <subfield code="1">0</subfield>
    <subfield code="2">ddc</subfield>
    <subfield code="4">0</subfield>
    <subfield code="7">0</subfield>
    <subfield code="8">CD</subfield>
    <subfield code="a">BPMET</subfield>
    <subfield code="b">BPMET</subfield>
    <subfield code="d">2021-08-09</subfield>
    <subfield code="e">FUNGLODE</subfield>
    <subfield code="o">BPMSU CD RD864.5 B533e 2015</subfield>
    <subfield code="p">BPMSU21080035</subfield>
    <subfield code="r">2021-08-09</subfield>
    <subfield code="w">2021-08-09</subfield>
    <subfield code="y">BK</subfield>
  </datafield>
  <datafield tag="952" ind1=" " ind2=" ">
    <subfield code="0">0</subfield>
    <subfield code="1">0</subfield>
    <subfield code="2">ddc</subfield>
    <subfield code="4">0</subfield>
    <subfield code="7">0</subfield>
    <subfield code="8">CD</subfield>
    <subfield code="a">BPMET</subfield>
    <subfield code="b">BPMET</subfield>
    <subfield code="d">2021-08-09</subfield>
    <subfield code="e">FUNGLODE</subfield>
    <subfield code="o">BPMSU CD RD864.5 B533e 2015</subfield>
    <subfield code="p">BPMSU22020007</subfield>
    <subfield code="r">2022-02-02</subfield>
    <subfield code="t">e.2</subfield>
    <subfield code="w">2021-08-09</subfield>
    <subfield code="y">BK</subfield>
  </datafield>
  <datafield tag="999" ind1=" " ind2=" ">
    <subfield code="c">13641</subfield>
    <subfield code="d">13641</subfield>
  </datafield>
</record>
